| 000 | 00384nam a2200145Ia 4500 | ||
|---|---|---|---|
| 008 | 200103s9999||||xx |||||||||||||| ||und|| | ||
| 020 | _a540074187 | ||
| 040 | _aIMU-MPC | ||
| 082 | _aColumn-43 | ||
| 100 | _aDas,robbert | ||
| 245 | 0 | _aPractical seamanship illustrated | |
| 260 |
_bStanford maritime lmt member company of the george philip group _c1987 |
||
| 300 | _a200 | ||
| 942 | _cBK | ||
| 999 |
_c8996 _d8996 |
||